[Event "Oberfranken-ch U16"]
[Site "Schney"]
[Date "2015.01.03"]
[Round "2"]
[White "Doetzer, Jonas"]
[Black "Knauer, Niklas"]
[Result "0-1"]
[WhiteElo "981"]
[BlackElo "1415"]
[PlyCount "80"]
[EventDate "2015.01.03"]
[EventType "swiss"]
[EventRounds "7"]
[EventCountry "GER"]
[SourceTitle "CBM 164 Extra"]
[Source "ChessBase"]
[SourceDate "2015.03.02"]
[SourceVersion "1"]
[SourceVersionDate "2015.03.02"]
[SourceQuality "1"]

1. e4 d5 2. exd5 Qxd5 3. Nc3 Qa5 4. d3 Nf6 5. Nf3 Bf5 6. Be2 e6 7. 0-0 c6 8. Bd2 Nbd7 9. Ne4 Qd8 10. Nxf6+ Nxf6 11. c3 Bd6 12. Qb3 Qd7 13. Nd4 Bg6 14. Bg5 Be7 15. Bf3 0-0 16. Qd1 Rab8 17. Ne2 Qxd3 18. Qxd3 Bxd3 19. Bf4 Bxe2 20. Bxe2 Rbd8 21. Bf3 Nd5 22. Bxd5 Rxd5 23. c4 Rd4 24. b3 Rxf4 25. Rfe1 Bc5 26. Re2 Rd8 27. a3 Rfd4 28. Ree1 Rd2 29. Rf1 h6 30. b4 Be7 31. h3 Rc2 32. c5 Rdd2 33. Rad1 Kf8 34. Rxd2 Rxd2 35. Rb1 Bf6 36. f3 Rd3 37. a4 Ra3 38. a5 Ra1 39. Rxa1 Bxa1 40. Kf2 Bc3 0-1

[Event "Oberfranken-ch"]
[Site "Lichtenfels"]
[Date "2014.??.??"]
[Round "2.2"]
[White "Knauer, Niklas"]
[Black "Koedel, Christian"]
[Result "1-0"]
[WhiteElo "1475"]
[BlackElo "1059"]
[PlyCount "111"]
[EventDate "2014.01.03"]
[EventType "swiss"]
[EventRounds "7"]
[EventCountry "GER"]
[SourceTitle "EXT 2022"]
[Source "ChessBase"]
[SourceDate "2021.10.06"]
[SourceVersion "1"]
[SourceVersionDate "2021.10.06"]
[SourceQuality "1"]

1. d4 e6 2. c4 d6 3. Nc3 Nf6 4. Nf3 Be7 5. Bf4 0-0 6. e3 b6 7. Be2 Bb7 8. 0-0 Na6 9. a3 Rc8 10. Qc2 Qd7 11. Rfd1 d5 12. cxd5 exd5 13. Qb3 c6 14. Rac1 Rfe8 15. Ne5 Qe6 16. h3 Bd6 17. Rd2 c5 18. Rcd1 Nc7 19. Qc2 a6 20. Bd3 b5 21. Bf5 Qe7 22. Bxc8 Bxc8 23. Bh2 c4 24. Re1 Nd7 25. Nxd7 Bxh2+ 26. Kxh2 Bxd7 27. Ne2 Qg5 28. Ng3 g6 29. Qd1 h5 30. Qf3 Kg7 31. Rde2 f5 32. Qf4 Qd8 33. f3 g5 34. Qd6 Re6 35. Qb4 Rh6 36. e4 Ne6 37. Nxf5+ Kg6 38. Nxh6 Kxh6 39. exd5 Nxd4 40. Rd2 Qc7+ 41. d6 Qb6 42. Rf1 a5 43. Qc3 Qxd6+ 44. Kg1 Nxf3+ 45. Rxf3 Qc5+ 46. Qd4 Qxd4+ 47. Rxd4 g4 48. Rxd7 gxf3 49. gxf3 b4 50. axb4 axb4 51. Rb7 c3 52. bxc3 bxc3 53. Rc7 h4 54. Rxc3 Kh5 55. Kf2 Kg5 56. Rc4 1-0

[Event "Oberfranken-ch"]
[Site "Lichtenfels"]
[Date "2014.??.??"]
[Round "4.2"]
[White "Knauer, Niklas"]
[Black "Moenius, Oliver"]
[Result "1/2-1/2"]
[WhiteElo "1475"]
[BlackElo "1400"]
[PlyCount "21"]
[EventDate "2014.01.03"]
[EventType "swiss"]
[EventRounds "7"]
[EventCountry "GER"]
[SourceTitle "EXT 2022"]
[Source "ChessBase"]
[SourceDate "2021.10.06"]
[SourceVersion "1"]
[SourceVersionDate "2021.10.06"]
[SourceQuality "1"]

1. d4 Nf6 2. c4 e5 3. e3 exd4 4. exd4 d5 5. Nc3 c6 6. Nf3 Bg4 7. Be3 Bb4 8. a3 Bxc3+ 9. bxc3 Qc7 10. Bd3 0-0 11. h3 1/2-1/2

[Event "Oberfranken-ch U14 1213"]
[Site "Schney"]
[Date "2013.01.03"]
[Round "1"]
[White "Seel, Arthur"]
[Black "Knauer, Niklas"]
[Result "0-1"]
[WhiteElo "823"]
[BlackElo "1216"]
[PlyCount "78"]
[EventDate "2013.01.03"]
[EventType "swiss"]
[EventRounds "7"]
[EventCountry "GER"]
[SourceTitle "EXT 2015"]
[Source "ChessBase"]
[SourceDate "2014.11.20"]
[SourceVersion "1"]
[SourceVersionDate "2014.11.20"]
[SourceQuality "1"]

1. e4 e5 2. Nf3 Nc6 3. Bb5 d6 4. 0-0 Nf6 5. Nc3 Be6 6. d3 Be7 7. Bg5 0-0 8. Re1 Qd7 9. d4 exd4 10. Nxd4 a6 11. Nxc6 bxc6 12. Bd3 c5 13. Nd5 Bxd5 14. exd5 Rfe8 15. Qf3 h6 16. Bxf6 Bxf6 17. Rxe8+ Qxe8 18. Kf1 Bxb2 19. Re1 Be5 20. Qf5 g6 21. Qg4 f5 22. Qf3 Qa4 23. Ra1 Bxa1 24. Qd1 Be5 25. Qb1 Qb4 26. Qxb4 cxb4 27. c4 c6 28. dxc6 Rc8 29. a4 bxa3 30. Bb1 Rxc6 31. g3 d5 32. cxd5 Rc1+ 33. Kg2 Rxb1 34. f4 Bxf4 35. gxf4 a2 36. Kg3 a1Q 37. d6 Qa3+ 38. Kh4 Qf3 39. d7 Qg4# 0-1